[Event "New England Masters"]
[Site "Pawtucket"]
[Date "2008.08.14"]
[Round "6.15"]
[White "Hungaski, Robert"]
[Black "MacIntyre, Paul"]
[Result "1-0"]
[WhiteElo "2407"]
[BlackElo "2290"]
[PlyCount "79"]
[EventDate "2008.08.??"]
[SourceDate "2008.08.11"]

1. Nf3 Nf6 2. c4 e6 3. Nc3 d5 4. d4 c5 5. cxd5 Nxd5 6. e3 Nc6 7. Bd3 cxd4 8.
exd4 Be7 9. O-O O-O 10. a3 Bf6 11. Bc2 Nxc3 12. bxc3 b6 13. Qd3 g6 14. Bh6 Re8
15. Rad1 Qd5 16. Rfe1 Bb7 17. Qe3 Rac8 18. Qf4 Bh8 19. Be4 Qc4 20. Re3 Na5 21.
Bxb7 Nxb7 22. Ng5 f6 23. Ne4 f5 24. Nd2 Qa4 25. Rde1 Qxa3 26. g4 Qd6 27. Qf3
Qc6 28. Qg3 Bf6 29. h4 Kf7 30. Nf3 Qc7 31. Bf4 Qd8 32. gxf5 gxf5 33. Ng5+ Bxg5
34. Bxg5 Qc7 35. Qf3 Qd7 36. Rxe6 Rxe6 37. Qxf5+ Kg8 38. Rxe6 Qf7 39. Qxf7+
Kxf7 40. Re7+ 1-0

[Event "New England Masters"]
[Site "Pawtucket"]
[Date "2008.08.14"]
[Round "6.16"]
[White "Schuyler, James"]
[Black "Jiang, Louie"]
[Result "0-1"]
[WhiteElo "2346"]
[BlackElo "2135"]
[PlyCount "74"]
[EventDate "2008.08.??"]
[SourceDate "2008.08.11"]

1. d4 Nf6 2. Bf4 e6 3. e3 d5 4. Nf3 c5 5. c3 Nc6 6. Nbd2 Bd6 7. Bxd6 Qxd6 8.
Bb5 O-O 9. O-O Bd7 10. Bxc6 Bxc6 11. Ne5 Nd7 12. Nxd7 Bxd7 13. Qb3 b5 14. Qa3
b4 15. cxb4 cxd4 16. exd4 Rfb8 17. Qc3 Qxb4 18. Nb3 Qxc3 19. bxc3 Bb5 20. Rfb1
Bd3 21. Rb2 Rb5 22. Rd2 Bc4 23. Nc5 Rab8 24. f3 g5 25. Kf2 Rb2 26. Rad1 Bxa2
27. f4 h6 28. Kf3 Bb3 29. Nxb3 R2xb3 30. fxg5 hxg5 31. Kg4 Rxc3 32. Kxg5 Kg7
33. Ra1 Rb7 34. h4 f6+ 35. Kf4 Kg6 36. Ra6 Rb6 37. Rxa7 e5+ 0-1

[Event "New England Masters"]
[Site "Pawtucket"]
[Date "2008.08.14"]
[Round "6.17"]
[White "Rosenberg, Evan"]
[Black "Puntier, William"]
[Result "0-1"]
[WhiteElo "2182"]
[BlackElo "2298"]
[PlyCount "68"]
[EventDate "2008.08.??"]
[SourceDate "2008.08.11"]

1. d4 Nf6 2. c4 c5 3. d5 e6 4. Nc3 exd5 5. cxd5 d6 6. e4 g6 7. f4 Bg7 8. Bb5+
Nfd7 9. a4 O-O 10. Nf3 Na6 11. O-O Nc7 12. Bd3 Nf6 13. Re1 Bg4 14. h3 Bxf3 15.
Qxf3 Re8 16. Be3 Nd7 17. Bf2 a6 18. a5 Rb8 19. Rac1 b6 20. axb6 Rxb6 21. Na4
Rb4 22. Rc4 Rb8 23. e5 dxe5 24. f5 e4 25. Rcxe4 Ne5 26. Qg3 Qxd5 27. Nxc5 gxf5
28. Ra4 Rxb2 29. Bxf5 Rxf2 30. Qxf2 Nf3+ 31. gxf3 Rxe1+ 32. Kg2 Re5 33. Be4
Qxc5 34. Qh4 Rg5+ 0-1

[Event "New England Masters"]
[Site "Pawtucket"]
[Date "2008.08.14"]
[Round "6.18"]
[White "Belliard, Luis"]
[Black "Enkin, Max"]
[Result "0-1"]
[WhiteElo "2226"]
[BlackElo "2262"]
[PlyCount "122"]
[EventDate "2008.08.??"]
[SourceDate "2008.08.11"]

1. d4 Nf6 2. Nf3 g6 3. c4 Bg7 4. Nc3 d5 5. cxd5 Nxd5 6. Bd2 O-O 7. e4 Nb6 8.
Be3 Nc6 9. d5 Ne5 10. Nxe5 Bxe5 11. Qd2 f5 12. Bh6 Rf7 13. exf5 Bxf5 14. Rd1
Qd6 15. Be2 Bxh2 16. Nb5 Qe5 17. Nd4 Be4 18. Nf3 Bxf3 19. gxf3 Rd8 20. Kf1 Bf4
21. Qc2 Bxh6 22. Rxh6 Rxd5 23. Re1 Qf4 24. Rh3 Qf5 25. Qxf5 Rfxf5 26. Rh4 Rh5
27. Rxh5 Rxh5 28. Kg2 Rg5+ 29. Kh3 Kf8 30. f4 Rf5 31. Kg3 e5 32. fxe5 Rxe5 33.
f4 Re7 34. Kf3 Nd5 35. Rd1 c6 36. Bc4 Re3+ 37. Kf2 Re4 38. Bxd5 cxd5 39. Kf3
Ra4 40. a3 Ra5 41. Rc1 Rb5 42. b4 h5 43. Rc7 a5 44. bxa5 Rxa5 45. Rxb7 Rxa3+
46. Kg2 Ra6 47. Kf3 Rf6 48. Ke3 Rf5 49. Ra7 h4 50. Kf3 Rf7 51. Ra8+ Kg7 52. Kg4
Rd7 53. Ra3 d4 54. Rd3 Kf6 55. Kxh4 Kf5 56. Kg3 Ke4 57. Rd1 d3 58. Re1+ Kd4 59.
Kg4 d2 60. Rd1 Ke3 61. Kg5 Rd6 0-1

[Event "New England Masters"]
[Site "Pawtucket"]
[Date "2008.08.14"]
[Round "6.19"]
[White "Haessel, Dale"]
[Black "Reverby, Miro"]
[Result "1-0"]
[WhiteElo "2149"]
[BlackElo "2190"]
[PlyCount "47"]
[EventDate "2008.08.??"]
[SourceDate "2008.08.11"]

1. d4 Nf6 2. g3 g6 3. Bg2 Bg7 4. e4 d6 5. Nc3 O-O 6. Nge2 e5 7. O-O c6 8. h3
Nbd7 9. Be3 Re8 10. Re1 a6 11. a4 Qa5 12. f4 exd4 13. Nxd4 Nc5 14. Bf2 Bd7 15.
Qd2 Qc7 16. b4 Ne6 17. a5 Nxd4 18. Bxd4 c5 19. bxc5 dxc5 20. Bxf6 Bxf6 21. Nd5
Qd8 22. Nxf6+ Qxf6 23. Qxd7 Red8 24. e5 1-0

[Event "New England Masters"]
[Site "Pawtucket"]
[Date "2008.08.14"]
[Round "6.20"]
[White "Yanayt, Eugene"]
[Black "Meredith, Matthew"]
[Result "1-0"]
[WhiteElo "2254"]
[BlackElo "2044"]
[PlyCount "75"]
[EventDate "2008.08.??"]
[SourceDate "2008.08.11"]

1. e4 c5 2. Nf3 g6 3. d4 cxd4 4. Nxd4 Nf6 5. f3 Nc6 6. c4 Qb6 7. Nc2 Bg7 8. Nc3
d6 9. Bd2 Be6 10. Rb1 Nd7 11. Nb5 a6 12. Be3 Qa5+ 13. b4 Nxb4 14. Nxd6+ exd6
15. Nxb4 O-O 16. Be2 Bc3+ 17. Bd2 Bxd2+ 18. Qxd2 Ne5 19. Nd5 Qxd2+ 20. Kxd2
Bxd5 21. cxd5 b5 22. a4 Rfb8 23. Rb4 bxa4 24. Rhb1 Rxb4 25. Rxb4 Nd7 26. Rxa4
a5 27. Bb5 Nc5 28. Ra2 Kg7 29. Kc3 f6 30. Kc4 Ra7 31. Ra3 Kf7 32. Bc6 h5 33.
Kb5 a4 34. Kb4 h4 35. Bxa4 Rb7+ 36. Bb5 f5 37. e5 Nd7 38. e6+ 1-0

[Event "New England Masters"]
[Site "Pawtucket"]
[Date "2008.08.14"]
[Round "7.1"]
[White "Gareev, Timur"]
[Black "Vovsha, Eli"]
[Result "1/2-1/2"]
[WhiteElo "2570"]
[BlackElo "2461"]
[PlyCount "37"]
[EventDate "2008.08.??"]
[SourceDate "2008.08.11"]

1. d4 d6 2. Nf3 Bg4 3. c4 Bxf3 4. gxf3 Nd7 5. f4 c6 6. Nc3 Ngf6 7. e4 e5 8. Be3
g6 9. Qf3 Bh6 10. O-O-O exf4 11. Bxf4 Bxf4+ 12. Qxf4 Qe7 13. Bh3 O-O 14. Rhe1
Nh5 15. Qe3 Nb6 16. Bf1 Rae8 17. Be2 Qh4 18. Bxh5 Qxh5 19. b3 1/2-1/2

[Event "New England Masters"]
[Site "Pawtucket"]
[Date "2008.08.14"]
[Round "7.3"]
[White "Vigorito, David"]
[Black "Arkell, Keith"]
[Result "1/2-1/2"]
[WhiteElo "2382"]
[BlackElo "2506"]
[PlyCount "95"]
[EventDate "2008.08.??"]
[SourceDate "2008.08.11"]

1. d4 Nf6 2. c4 e6 3. Nc3 Bb4 4. Qc2 c5 5. dxc5 Na6 6. a3 Qa5 7. Bd2 Nxc5 8.
O-O-O Bxc3 9. Bxc3 Qa4 10. Qxa4 Nxa4 11. Be5 b6 12. f3 Ba6 13. e4 Rc8 14. b3
Nc5 15. Kb2 Nb7 16. Ne2 b5 17. Nc3 bxc4 18. b4 Nd8 19. b5 Bb7 20. Bd6 Ba8 21.
Rd4 Nb7 22. Bb4 d6 23. Bxd6 Nxd6 24. Rxd6 Ke7 25. Rd4 Rhd8 26. Rxd8 Rxd8 27.
Be2 Rc8 28. Rc1 Nd7 29. a4 Bb7 30. Nd1 a5 31. Rxc4 Nb6 32. Rxc8 Bxc8 33. Kb3
Kd6 34. Nb2 Kc5 35. Kc3 e5 36. Bc4 f6 37. Bb3 Bd7 38. Nd3+ Kd6 39. Kb2 h6 40.
Ka3 Bc8 41. Bg8 Nd7 42. Nc1 Nc5 43. Bd5 f5 44. Nb3 Nxb3 45. Kxb3 Kc5 46. Kc3 f4
47. Bf7 g5 48. h3 1/2-1/2

[Event "New England Masters"]
[Site "Pawtucket"]
[Date "2008.08.14"]
[Round "7.4"]
[White "Sarkar, Justin"]
[Black "Sammour-Hasbun, Jorge"]
[Result "1-0"]
[WhiteElo "2416"]
[BlackElo "2463"]
[PlyCount "37"]
[EventDate "2008.08.??"]
[SourceDate "2008.08.11"]

1. d4 d5 2. c4 c6 3. Nf3 Nf6 4. e3 a6 5. Bd3 dxc4 6. Bxc4 e6 7. O-O c5 8. Bb3
Nc6 9. Nc3 cxd4 10. exd4 Be7 11. Bg5 O-O 12. Qd2 Na5 13. Bc2 b5 14. Qf4 Bb7 15.
Rad1 b4 16. Qh4 h6 17. Bxh6 gxh6 18. Qxh6 bxc3 19. Ng5 1-0

[Event "New England Masters"]
[Site "Pawtucket"]
[Date "2008.08.14"]
[Round "7.5"]
[White "Stopa, Jacek"]
[Black "Kaminski, Victor"]
[Result "1/2-1/2"]
[WhiteElo "2440"]
[BlackElo "2212"]
[PlyCount "107"]
[EventDate "2008.08.??"]
[SourceDate "2008.08.11"]

1. e4 c5 2. Nc3 Nc6 3. Nge2 g6 4. d3 Bg7 5. Ng3 d6 6. Be2 Nd4 7. Bg5 h6 8. Be3
b5 9. a3 Bd7 10. O-O e6 11. Qd2 a5 12. Rab1 a4 13. Nd1 Ne7 14. f3 Nec6 15. f4
f5 16. c3 Nxe2+ 17. Nxe2 Na5 18. Qe1 Qc7 19. Qg3 Kf7 20. Nf2 Rab8 21. Rbc1 Nb3
22. Rc2 Qb7 23. Rd1 Bc6 24. Qf3 d5 25. exd5 Bxd5 26. Qg3 Rhd8 27. h4 h5 28. Nh3
c4 29. Ng5+ Kg8 30. Bd4 Nxd4 31. Nxd4 Bxd4+ 32. cxd4 Qg7 33. dxc4 bxc4 34. Rdd2
Rb3 35. Rc3 Rdb8 36. Rxb3 Rxb3 37. Qe1 Qb7 38. Qe2 Rg3 39. Qe5 Bxg2 40. Qxe6+
Kg7 41. Qe5+ Kg8 42. Kh2 Rg4 43. d5 Be4 44. Qe8+ Kg7 45. Ne6+ Kh7 46. Ng5+ Kg7
47. Qe5+ Kg8 48. d6 Rxh4+ 49. Kg3 Rg4+ 50. Kh3 Bg2+ 51. Kh2 Rh4+ 52. Kg1 Bc6
53. Qe6+ Kg7 54. Qe5+ 1/2-1/2

[Event "New England Masters"]
[Site "Pawtucket"]
[Date "2008.08.14"]
[Round "7.6"]
[White "Masse, Hugues"]
[Black "Zhao, Parker"]
[Result "0-1"]
[WhiteElo "2196"]
[BlackElo "2242"]
[PlyCount "50"]
[EventDate "2008.08.??"]
[SourceDate "2008.08.11"]

1. d4 d5 2. c4 c6 3. Nf3 Nf6 4. Nc3 e6 5. e3 Nbd7 6. Bd3 dxc4 7. Bxc4 b5 8. Bd3
Bd6 9. O-O O-O 10. Qc2 Bb7 11. Ne4 Nxe4 12. Bxe4 f5 13. Bd3 c5 14. Qe2 a6 15.
e4 cxd4 16. exf5 Nc5 17. Ng5 exf5 18. a4 Qe8 19. axb5 Nxd3 20. Qxd3 Qe5 21. g3
Qd5 22. f3 axb5 23. Rxa8 Rxa8 24. Nh3 b4 25. Rd1 Ba6 0-1

[Event "New England Masters"]
[Site "Pawtucket"]
[Date "2008.08.14"]
[Round "7.7"]
[White "Friedel, Joshua"]
[Black "Hansen, Eric"]
[Result "1-0"]
[WhiteElo "2524"]
[BlackElo "2268"]
[PlyCount "55"]
[EventDate "2008.08.??"]
[SourceDate "2008.08.11"]

1. d4 Nf6 2. Nf3 c5 3. d5 e6 4. Nc3 d6 5. e4 e5 6. Bb5+ Nbd7 7. a4 a6 8. Be2
Be7 9. O-O O-O 10. g3 Rb8 11. Nd2 Re8 12. b3 Nb6 13. a5 Na8 14. Nc4 Bd7 15. f4
Bb5 16. Ne3 exf4 17. gxf4 Bf8 18. Nxb5 axb5 19. e5 dxe5 20. Bxb5 exf4 21. Bxe8
fxe3 22. Bb5 Nc7 23. Bc4 Ncxd5 24. Qf3 Bd6 25. Bb2 e2 26. Qxe2 Qc7 27. Rae1 Nf4
28. Qf3 1-0

[Event "New England Masters"]
[Site "Pawtucket"]
[Date "2008.08.14"]
[Round "7.8"]
[White "Bournival, Braden"]
[Black "Liu, Elliott"]
[Result "1/2-1/2"]
[WhiteElo "2303"]
[BlackElo "2250"]
[PlyCount "47"]
[EventDate "2008.08.??"]
[SourceDate "2008.08.11"]

1. e4 c5 2. Nf3 e6 3. d4 cxd4 4. Nxd4 Bc5 5. Nc3 Qb6 6. Na4 Qa5+ 7. c3 Bxd4 8.
Qxd4 Nf6 9. Nc5 Nc6 10. Qd6 b6 11. Nb3 Nxe4 12. Qxc6 dxc6 13. Nxa5 bxa5 14. Be3
O-O 15. O-O-O e5 16. Bc4 Nf6 17. Rd6 Bb7 18. Re1 Rfe8 19. Bc5 a4 20. g4 a5 21.
g5 Nd5 22. Rd7 Bc8 23. Rd6 Bb7 24. Rd7 1/2-1/2

[Event "New England Masters"]
[Site "Pawtucket"]
[Date "2008.08.14"]
[Round "7.9"]
[White "Ippolito, Dean"]
[Black "Thavandiran, Shiyam"]
[Result "1-0"]
[WhiteElo "2445"]
[BlackElo "2288"]
[PlyCount "73"]
[EventDate "2008.08.??"]
[SourceDate "2008.08.11"]

1. d4 Nf6 2. c4 e6 3. g3 c5 4. d5 exd5 5. cxd5 d6 6. Nc3 g6 7. Bg2 Bg7 8. Nf3
O-O 9. O-O a6 10. a4 Re8 11. Nd2 Nbd7 12. Nc4 Nb6 13. Na3 Bd7 14. a5 Nc8 15.
Nc4 Bb5 16. Qb3 Bxc4 17. Qxc4 b5 18. axb6 Nxb6 19. Qd3 c4 20. Qd1 Qc7 21. Ra3
Nfd7 22. Be3 Rxe3 23. fxe3 Ne5 24. Qa1 Ng4 25. Nd1 Re8 26. Kh1 c3 27. bxc3 Nc4
28. Rxa6 Nd2 29. Qa4 Qc8 30. Rf4 Ne5 31. Rxd6 Bh6 32. Rd4 Ndc4 33. Rxc4 Nxc4
34. Rc6 Qf5 35. Rxc4 Rxe3 36. Nxe3 Bxe3 37. Qe8+ 1-0

[Event "New England Masters"]
[Site "Pawtucket"]
[Date "2008.08.14"]
[Round "7.10"]
[White "Bercys, Salvijus"]
[Black "Puntier, William"]
[Result "1/2-1/2"]
[WhiteElo "2429"]
[BlackElo "2298"]
[PlyCount "45"]
[EventDate "2008.08.??"]
[SourceDate "2008.08.11"]

1. d4 Nf6 2. c4 c5 3. d5 e6 4. Nc3 exd5 5. cxd5 d6 6. Nf3 g6 7. Nd2 Bg7 8. Nc4
O-O 9. Bf4 Re8 10. Nxd6 Nh5 11. Nxe8 Bxc3+ 12. bxc3 Nxf4 13. Qa4 g5 14. e3 Bd7
15. Qe4 Ng6 16. Nd6 Qf6 17. Qb1 Qxd6 18. Qxb7 Qb6 19. Qxa8 Qb2 20. Rd1 Qxc3+
21. Rd2 Qa1+ 22. Rd1 Qc3+ 23. Rd2 1/2-1/2

[Event "New England Masters"]
[Site "Pawtucket"]
[Date "2008.08.14"]
[Round "7.13"]
[White "Shmelov, Denys"]
[Black "Jiang, Louie"]
[Result "0-1"]
[WhiteElo "2349"]
[BlackElo "2135"]
[PlyCount "52"]
[EventDate "2008.08.??"]
[SourceDate "2008.08.11"]

1. d4 Nf6 2. c4 e6 3. Nc3 d5 4. Bg5 Nbd7 5. cxd5 exd5 6. Nf3 c6 7. e3 Be7 8.
Bd3 O-O 9. Qc2 Re8 10. h3 Nf8 11. Bf4 g6 12. O-O-O Bd7 13. g4 b5 14. Kb1 Rc8
15. Ne5 Ne6 16. Bg3 b4 17. Ne2 Qa5 18. g5 Nxg5 19. Bh4 Nge4 20. f3 c5 21. fxe4
c4 22. Bxc4 Nxe4 23. Nxd7 Rxc4 24. Qd3 Bxh4 25. Rhf1 Rc7 26. Rf4 Rxd7 0-1

[Event "New England Masters"]
[Site "Pawtucket"]
[Date "2008.08.14"]
[Round "7.14"]
[White "Melekhina, Alisa"]
[Black "Galofre, Charles"]
[Result "1-0"]
[WhiteElo "2265"]
[BlackElo "2320"]
[PlyCount "93"]
[EventDate "2008.08.??"]
[SourceDate "2008.08.11"]

1. e4 Nc6 2. Nc3 e5 3. Nf3 Nf6 4. Bb5 Bd6 5. d3 h6 6. h3 a6 7. Bxc6 dxc6 8. Be3
c5 9. Ne2 Qe7 10. Ng3 O-O 11. O-O Nh7 12. Qe2 Re8 13. a4 Nf8 14. Nd2 Ng6 15.
Rfe1 Nf4 16. Qf3 Qf6 17. Nh5 Nxh5 18. Qxh5 a5 19. b3 Bd7 20. Nc4 Bf8 21. Bd2 b6
22. Bc3 g5 23. f4 gxf4 24. Bxe5 Qc6 25. Bxf4 Bg7 26. Rad1 Re6 27. Be5 Bf8 28.
Bc3 Be8 29. Ne5 Qd6 30. Qg4+ Kh7 31. Qf5+ Kg8 32. Rf1 Qe7 33. Ng4 Bg7 34. Bf6
Qd7 35. e5 Rc6 36. Qh5 Kh7 37. Bxg7 f5 38. Qxf5+ Qxf5 39. Rxf5 Kxg7 40. Rdf1 h5
41. Nf6 Bg6 42. Nxh5+ Kh6 43. Rf6 Rxf6 44. Nxf6 b5 45. axb5 a4 46. bxa4 Rxa4
47. e6 1-0

[Event "New England Masters"]
[Site "Pawtucket"]
[Date "2008.08.14"]
[Round "7.15"]
[White "Enkin, Max"]
[Black "Battaglini, Gabriel"]
[Result "1-0"]
[WhiteElo "2262"]
[BlackElo "2341"]
[PlyCount "99"]
[EventDate "2008.08.??"]
[SourceDate "2008.08.11"]

1. e4 e6 2. d3 c5 3. Nf3 Nc6 4. g3 Nge7 5. Bg2 g6 6. O-O Bg7 7. Nbd2 O-O 8. Re1
Qc7 9. Qe2 d6 10. a3 b5 11. a4 b4 12. Nc4 Ba6 13. Rb1 Na5 14. Nxa5 Qxa5 15. e5
d5 16. b3 Rac8 17. Bg5 Nc6 18. Qd2 c4 19. d4 cxb3 20. cxb3 Qb6 21. h4 h5 22.
Bh3 Na5 23. Be7 Rc3 24. Bxf8 Bxf8 25. Qf4 Be7 26. Re3 Bd3 27. Rd1 Be4 28. Rxe4
dxe4 29. Qxe4 Nxb3 30. Bf1 Nc1 31. d5 exd5 32. Rxd5 a6 33. Nd4 b3 34. a5 Qa7
35. e6 f5 36. Qe5 b2 37. Rd7 Qc5 38. Qb8+ Kg7 39. Qe8 b1=Q 40. Rxe7+ Kf6 41.
Rd7 Rxg3+ 42. fxg3 Ne2+ 43. Kh2 Ke5 44. Qh8+ Ke4 45. e7 Qxf1 46. e8=Q+ Kd3 47.
Qxe2+ Qxe2+ 48. Nxe2+ Kxe2 49. Qb2+ Kf3 50. Rd3+ 1-0

[Event "New England Masters"]
[Site "Pawtucket"]
[Date "2008.08.14"]
[Round "7.16"]
[White "Haessel, Dale"]
[Black "Panjwani, Raja"]
[Result "0-1"]
[WhiteElo "2149"]
[BlackElo "2310"]
[PlyCount "190"]
[EventDate "2008.08.??"]
[SourceDate "2008.08.11"]

1. d4 g6 2. g3 Bg7 3. Bg2 d6 4. e4 c5 5. dxc5 Qa5+ 6. Bd2 Qxc5 7. Bc3 Nf6 8.
Ne2 O-O 9. O-O Nc6 10. Nd2 b5 11. Nb3 Qb6 12. Nf4 Ne5 13. Bd4 Qc7 14. a4 bxa4
15. Rxa4 Bg4 16. f3 Bd7 17. Ra1 a5 18. Ne2 Nc4 19. Nd2 Rfc8 20. Nxc4 Qxc4 21.
Bc3 a4 22. Re1 Ne8 23. Ra3 Rab8 24. Qa1 Qc5+ 25. Kh1 Qf2 26. b3 axb3 27. Rxb3
Ra8 28. Qd1 Bxc3 29. Rxc3 Rxc3 30. Nxc3 Nf6 31. e5 dxe5 32. f4 Rc8 33. fxe5
Rxc3 34. Rf1 Qxc2 35. exf6 Qxd1 36. Rxd1 exf6 37. Rxd7 Rc1+ 38. Bf1 Rxf1+ 39.
Kg2 Rb1 40. h4 h5 41. Rd4 Kg7 42. Kf3 Rf1+ 43. Kg2 Rf5 44. Ra4 Rd5 45. Kf3 Rd3+
46. Kf4 Rd1 47. Kf3 Re1 48. Rb4 f5 49. Rb2 Re4 50. Ra2 Rg4 51. Rh2 Kf6 52. Rh1
f4 53. gxf4 Kf5 54. Rh2 Rxf4+ 55. Kg3 Rg4+ 56. Kh3 Ke4 57. Rh1 Rf4 58. Ra1 Rf3+
59. Kg2 Rd3 60. Ra7 Kf5 61. Ra5+ Ke6 62. Ra6+ Ke5 63. Ra7 Rd4 64. Kg3 Rd3+ 65.
Kg2 f6 66. Rh7 Kf5 67. Rh6 Rd1 68. Kg3 Rh1 69. Rh8 g5 70. hxg5 fxg5 71. Rf8+
Kg6 72. Rg8+ Kf6 73. Rf8+ Kg7 74. Ra8 Rf1 75. Ra5 Kg6 76. Ra8 h4+ 77. Kg4 Rf4+
78. Kh3 Rf3+ 79. Kg2 Rc3 80. Ra6+ Kh5 81. Ra5 h3+ 82. Kh2 Kh4 83. Ra8 Rc2+ 84.
Kg1 g4 85. Ra3 Re2 86. Ra4 Kg3 87. Ra3+ Kf4 88. Ra4+ Re4 89. Ra1 Kf3 90. Rf1+
Kg3 91. Ra1 Rf4 92. Rb1 Kh4 93. Rb8 g3 94. Rh8+ Kg4 95. Ra8 h2+ 0-1

[Event "New England Masters"]
[Site "Pawtucket"]
[Date "2008.08.14"]
[Round "7.17"]
[White "MacIntyre, Paul"]
[Black "Kazmaier, Daniel"]
[Result "1-0"]
[WhiteElo "2290"]
[BlackElo "2134"]
[PlyCount "103"]
[EventDate "2008.08.??"]
[SourceDate "2008.08.11"]

1. e4 e6 2. d4 d5 3. Nc3 Bb4 4. e5 c5 5. a3 Bxc3+ 6. bxc3 Qa5 7. Bd2 Qa4 8. Qb1
c4 9. f4 Nc6 10. Nf3 Bd7 11. g3 O-O-O 12. Bg2 h5 13. Ng5 Nh6 14. f5 Qa5 15.
fxe6 Bxe6 16. O-O Bf5 17. Rxf5 Nxf5 18. Bh3 g6 19. Nxf7 Ncxd4 20. Qd1 Ne6 21.
Nxh8 Rxh8 22. Bxf5 gxf5 23. Qf3 Rf8 24. Qxh5 Qc5+ 25. Kg2 d4 26. Re1 dxc3 27.
Be3 Qxe5 28. Bf2 Qd6 29. Qe2 Qc6+ 30. Qf3 Qxf3+ 31. Kxf3 Ng5+ 32. Kf4 Nh3+ 33.
Kf3 b6 34. Be3 Re8 35. Rd1 Re5 36. Rd4 b5 37. Rh4 a5 38. Rxh3 b4 39. axb4 axb4
40. Rh4 Re4 41. Rxe4 fxe4+ 42. Ke2 b3 43. cxb3 cxb3 44. Kd1 Kd7 45. Bd4 c2+ 46.
Kd2 Ke6 47. Bb2 Kf5 48. Ke3 Kg4 49. Kxe4 Kh3 50. Kf3 Kxh2 51. g4 Kg1 52. Ke2
1-0

[Event "New England Masters"]
[Site "Pawtucket"]
[Date "2008.08.14"]
[Round "7.18"]
[White "Schuyler, James"]
[Black "Rosenberg, Evan"]
[Result "1-0"]
[WhiteElo "2346"]
[BlackElo "2182"]
[PlyCount "81"]
[EventDate "2008.08.??"]
[SourceDate "2008.08.11"]

1. e3 d5 2. b3 c5 3. Bb2 Nc6 4. Nf3 Bg4 5. h3 Bh5 6. Bb5 Qb6 7. c4 Nf6 8. Bxf6
gxf6 9. Nc3 e6 10. cxd5 exd5 11. Nxd5 Qd8 12. Bxc6+ bxc6 13. Nf4 Bg6 14. Nxg6
hxg6 15. Qc2 Qd6 16. Rc1 Be7 17. O-O Kf8 18. d4 Rh5 19. dxc5 Qc7 20. b4 Kg7 21.
Qc3 Rb8 22. Rfd1 Qc8 23. Kf1 a5 24. a3 axb4 25. axb4 Qa6+ 26. Qc4 Qb7 27. Rd4
Ra8 28. Rcd1 Ra7 29. Rd7 Qxd7 30. Rxd7 Rxd7 31. Nd4 Rhd5 32. Nxc6 Rd1+ 33. Ke2
R7d2+ 34. Kf3 Bf8 35. Nd4 Rb2 36. b5 Rdd2 37. Ke4 Be7 38. c6 f5+ 39. Ke5 Rb4
40. Qxb4 Bxb4 41. c7 1-0

[Event "New England Masters"]
[Site "Pawtucket"]
[Date "2008.08.14"]
[Round "7.19"]
[White "Yanayt, Eugene"]
[Black "Belliard, Luis"]
[Result "1/2-1/2"]
[WhiteElo "2254"]
[BlackElo "2226"]
[PlyCount "112"]
[EventDate "2008.08.??"]
[SourceDate "2008.08.11"]

1. d4 d5 2. c4 e6 3. Nc3 Nf6 4. cxd5 exd5 5. Bg5 c6 6. e3 Nbd7 7. Bd3 h6 8. Bh4
Be7 9. Nge2 O-O 10. Qc2 Ne8 11. Bxe7 Qxe7 12. O-O Nd6 13. Ng3 Nf6 14. Rae1 h5
15. f3 h4 16. Nf5 Nxf5 17. Bxf5 g6 18. Bxc8 Raxc8 19. e4 Qd7 20. e5 Nh5 21. f4
Ng7 22. Nd1 Nf5 23. Qd3 c5 24. dxc5 Rxc5 25. Ne3 Rfc8 26. b4 Nxe3 27. bxc5 Nxf1
28. Rxf1 Rxc5 29. f5 gxf5 30. h3 Rc6 31. Rxf5 Rg6 32. Rh5 Qe6 33. Kh2 Kg7 34.
Qd4 b6 35. Qxh4 Rh6 36. Qg3+ Kf8 37. Qa3+ Kg7 38. Qg3+ Kf8 39. Rg5 Rg6 40. Rxg6
fxg6 41. Qf4+ Kg7 42. g4 d4 43. Kg1 d3 44. Kf1 Qf7 45. Qxf7+ Kxf7 46. h4 Ke6
47. Kf2 Kxe5 48. Ke3 d2 49. Kxd2 Kf4 50. h5 gxh5 51. gxh5 Kg5 52. Kd3 Kxh5 53.
Kc4 a6 54. Kd5 Kg5 55. Kc6 b5 56. Kb6 b4 1/2-1/2

[Event "New England Masters"]
[Site "Pawtucket"]
[Date "2008.08.14"]
[Round "7.21"]
[White "Meredith, Matthew"]
[Black "Wasiolek, Rory"]
[Result "1-0"]
[WhiteElo "2044"]
[BlackElo "2112"]
[PlyCount "55"]
[EventDate "2008.08.??"]
[SourceDate "2008.08.11"]

1. e4 e5 2. Nf3 Nc6 3. c3 Nf6 4. d4 d6 5. Bb5 exd4 6. cxd4 Bd7 7. Nc3 Be7 8.
O-O O-O 9. Re1 a6 10. Ba4 b5 11. Bb3 Bg4 12. Be3 b4 13. Nd5 Nxe4 14. Qc2 Bxf3
15. gxf3 Ng5 16. Nxe7+ Qxe7 17. Qxc6 Nh3+ 18. Kg2 Kh8 19. Kxh3 f5 20. Qd5 Qe8
21. Kg2 c6 22. Qxd6 Rf6 23. Qf4 Qh5 24. Kh1 Re8 25. Rg1 h6 26. d5 Kh7 27. Bd4
g5 28. Bxf6 1-0

[Event "New England Masters"]
[Site "Pawtucket"]
[Date "2008.08.15"]
[Round "8.1"]
[White "Gareev, Timur"]
[Black "Sarkar, Justin"]
[Result "1-0"]
[WhiteElo "2570"]
[BlackElo "2416"]
[PlyCount "91"]
[EventDate "2008.08.??"]
[SourceDate "2008.08.11"]

1. c4 c5 2. Nf3 Nc6 3. e3 e5 4. Nc3 f5 5. d4 e4 6. d5 exf3 7. dxc6 dxc6 8.
Qxd8+ Kxd8 9. gxf3 Nf6 10. b3 g6 11. Bb2 Bg7 12. Ne2 Ke7 13. Nf4 Nh5 14. Bxg7
Nxg7 15. Nd3 Ne6 16. f4 a5 17. a4 Bd7 18. h4 Be8 19. h5 gxh5 20. Be2 Kf6 21.
Bxh5 Bxh5 22. Rxh5 Kg6 23. Rh3 h5 24. Ke2 Rh6 25. Ne5+ Kf6 26. Rg1 Rah8 27.
Rhg3 h4 28. Rh3 Nf8 29. Rd1 Ke7 30. Kf3 R8h7 31. Rh2 Rd6 32. Rdh1 Rdh6 33. Kg2
Ng6 34. Nd3 b6 35. Rd1 Ke6 36. Kh3 Rd7 37. Rg2 Kf6 38. Rgg1 Ke6 39. Rd2 Ke7 40.
Rgd1 Rd6 41. Ne5 Rxd2 42. Rxd2 Nf8 43. f3 Ke8 44. Rd1 Ne6 45. Rg1 Ke7 46. Rg8
1-0

[Event "New England Masters"]
[Site "Pawtucket"]
[Date "2008.08.15"]
[Round "8.2"]
[White "Erenburg, Sergey"]
[Black "Vovsha, Eli"]
[Result "1-0"]
[WhiteElo "2563"]
[BlackElo "2461"]
[PlyCount "73"]
[EventDate "2008.08.??"]
[SourceDate "2008.08.11"]

1. e4 c5 2. Nf3 d6 3. d4 cxd4 4. Nxd4 Nf6 5. Nc3 a6 6. Be3 e6 7. f3 b5 8. Qd2
b4 9. Na4 Nbd7 10. c4 bxc3 11. Nxc3 Bb7 12. Be2 Be7 13. O-O O-O 14. Rfc1 Qb8
15. Rab1 Rc8 16. b4 Ne5 17. b5 Nc4 18. Bxc4 Rxc4 19. bxa6 Rxa6 20. Qe2 Rc8 21.
Qb5 Ra3 22. Nc6 Rxc6 23. Qxc6 Bxc6 24. Rxb8+ Bf8 25. e5 Nd7 26. Rc8 Nxe5 27. f4
Ng4 28. Bb6 Bb7 29. Rb8 Ba8 30. Bc7 Ra6 31. Bxd6 Rxd6 32. Rxa8 g6 33. Ne4 Rd4
34. h3 Ne3 35. Ng5 Nc4 36. Ra4 Bc5 37. Kh1 1-0

[Event "New England Masters"]
[Site "Pawtucket"]
[Date "2008.08.15"]
[Round "8.3"]
[White "Zhao, Parker"]
[Black "Kritz, Leonid"]
[Result "1-0"]
[WhiteElo "2242"]
[BlackElo "2610"]
[PlyCount "63"]
[EventDate "2008.08.??"]
[SourceDate "2008.08.11"]

1. e4 c5 2. Nf3 Nc6 3. d4 cxd4 4. Nxd4 Nf6 5. Nc3 d6 6. Bg5 e6 7. Qd2 a6 8.
O-O-O h6 9. Nxc6 bxc6 10. Bf4 d5 11. Qe3 Bb4 12. a3 Ba5 13. Be2 O-O 14. exd5
cxd5 15. Qg3 Kh8 16. Be5 Ne8 17. f4 Bc7 18. Bd3 Bxe5 19. fxe5 a5 20. h4 Qb6 21.
Rdf1 Rb8 22. Qg6 Qe3+ 23. Kd1 fxg6 24. Rxf8+ Kh7 25. h5 Qxd3+ 26. cxd3 Bd7 27.
hxg6+ Kxg6 28. Kc2 Rc8 29. d4 Kg5 30. Rhf1 g6 31. R1f7 Bc6 32. Re7 1-0

[Event "New England Masters"]
[Site "Pawtucket"]
[Date "2008.08.15"]
[Round "8.4"]
[White "Vigorito, David"]
[Black "Friedel, Joshua"]
[Result "1/2-1/2"]
[WhiteElo "2382"]
[BlackElo "2524"]
[PlyCount "39"]
[EventDate "2008.08.??"]
[SourceDate "2008.08.11"]

1. d4 Nf6 2. c4 e6 3. Nc3 Bb4 4. Qc2 O-O 5. a3 Bxc3+ 6. Qxc3 b6 7. Bg5 c5 8.
dxc5 bxc5 9. e3 d6 10. O-O-O Ne4 11. Qd3 Nxg5 12. h4 Ne4 13. Qxe4 Qb6 14. Nf3
Bb7 15. Qd3 Bxf3 16. gxf3 Nc6 17. Qc3 Ne5 18. Rg1 f5 19. f4 Ng4 20. Be2 1/2-1/2